| 000 | 00633nam a2200241 u 4500 | ||
|---|---|---|---|
| 001 | 000057103 | ||
| 005 | 20200120223436.0 | ||
| 008 | 091230s2012 ck er 000 f spa d | ||
| 020 | _a9789588774060 | ||
| 041 | _a.spa | ||
| 043 | _as-ck--- | ||
| 090 |
_aAN _bGAR 2012 |
||
| 100 | 1 | _aGarcía Márquez, Gabriel | |
| 245 | 1 | 0 | _aCien años de soledad. |
| 250 | _a1a. ed. | ||
| 260 |
_aBogotá : _bNorma, _c2012. |
||
| 300 | _a412 p. | ||
| 650 | 1 | 4 | _aNovela Colombiana. |
| 650 | 2 | 4 | _aLiteratura Latinoamericana. |
| 650 | 2 | 4 | _aLiteratura Colombiana. |
| 650 | 2 | 4 | _aMuerte en la literatura. |
| 650 | 2 | 4 | _aViolencia en la literatura. |
| 999 |
_c6399 _d6399 |
||